| 000 | 00811nam a22002537a 4500 | ||
|---|---|---|---|
| 001 | 623 | ||
| 005 | 20260312125236.0 | ||
| 006 | a|||||r|||| 00| 0 | ||
| 007 | ta | ||
| 008 | 260312b1983 -us||||| |||| 00| 0 eng d | ||
| 020 | _a0471029610 | ||
| 040 |
_aAR-EsCIE _cAR-EsCIE |
||
| 245 | 1 | 0 |
_aTimber management : a quantitative approach / _cJerome L. Clutter, James Forston, Leon V. Pienaar, Graham H. Brister, Robert L. Baile. |
| 260 |
_aNew York : _bWiley, _c1983. |
||
| 300 | _axv, 333 p. | ||
| 650 | 4 |
_aAPROVECHAMIENTO FORESTAL _999 |
|
| 650 | 4 |
_aPRODUCCION FORESTAL _987 |
|
| 700 | 1 |
_aClutter, Jerome L., _d1934- _91203 |
|
| 700 | 1 |
_aFortson, James C. _91204 |
|
| 700 | 1 |
_aPiennar, Leon V. _q(Leon Visser), _d1936- _91205 |
|
| 700 | 1 |
_aBailey, Robert L. _91207 |
|
| 910 | _aPG20260312 | ||
| 942 |
_2ddc _cBK _n0 |
||
| 999 |
_c623 _d623 |
||